00609nam a22001697a 450000500170000001000130001702000260003003500110005603700130006708200070008010000360008724500880012324600610021126000520027227000920032430000230041620201006113404.0 aUR-10880 c250.00a9788194369998 aU-9435 bDBAD/PUB aن aصا د قہ نو ا ب سحر  aر ا جد يو کی ا مر ا ئ(نا و ل ) cصا د قہ نو ا ب سحر  bRajdev Ki Amrai (Novel) (Urdu)aby Sadiqua Nawab Sehar  aN.Delhi bEducational Publishing Housec2019 ء aH.O.D1/16,Ansari Road,Darya ganj,bN.Delhie110002k45678285,23216162l0091-11-23211540 a216 ص c22 Cm(Hb)